Memoria 2008-2009
Sparad:
| Institutionell upphovsman: | |
|---|---|
| Materialtyp: | Bok |
| Språk: | spanska |
| Publicerad: |
Santiago
AGCCAF
2008
|
| Ämnen: | |
| Taggar: |
Lägg till en tagg
Inga taggar, Lägg till första taggen!
|
MARC
| LEADER | 00000nam a2200000 a 4500 | ||
|---|---|---|---|
| 001 | UCH5073 | ||
| 003 | CL-VaPUC | ||
| 008 | 090916e20080000CL |||||||||||||||||spa|d | ||
| 082 | 0 | 4 | |a 344.02 |b ASO |2 21 |
| 110 | 2 | |a Asociación Gremial de Cajas de Compensación de Asignación Familiar |e author |9 541209 | |
| 245 | 1 | 0 | |a Memoria 2008-2009 |
| 300 | |a 21 p | ||
| 942 | |c BK | ||
| 945 | |d 20090916 00:00:00 |a dcastane | ||
| 260 | |a Santiago |b AGCCAF |c 2008 | ||
| 650 | 0 | |a Seguridad social |9 255322 | |
| 650 | 0 | |a Asignación familiar |9 344930 | |
| 650 | 7 | |a CAJAS DE COMPENSACION |2 CL-VaPUC |9 387472 | |
| 651 | 7 | |a CHILE |2 CL-VaPUC |9 541210 | |
| 583 | |a last modification |c 20090916 00:00:00 |k Rodrigo Vera | ||
| 999 | |c 336282 |d 336280 | ||
| 952 | |0 0 |1 0 |4 0 |6 344_020000000000000_ASO_2008 |7 0 |8 A |9 427291 |a BIBGIM |b BIBGIM |d 2019-11-22 |i 460167K |o 344.02 ASO 2008 |p 460167K |r 2025-01-15 |w 2019-11-22 |y BK |k GIM | ||
| 952 | |0 0 |1 0 |4 0 |6 344_020000000000000_ASO_2008 |7 0 |8 A |9 427292 |a BIBGIM |b BIBGIM |d 2019-11-22 |i 4711904 |o 344.02 ASO 2008 |p 4711904 |r 2025-01-15 |w 2019-11-22 |y BK |k GIM | ||